Working with children. (Record no. 9088)

000 -LEADER
fixed length control field 00614nam a2200205 a 4500
001 - CONTROL NUMBER
control field :::00006869$&:&@@
003 - CONTROL NUMBER IDENTIFIER
control field OkBaRHE
005 - DATE AND TIME OF LATEST TRANSACTION
control field 20000607103333.0
008 - FIXED-LENGTH DATA ELEMENTS--GENERAL INFORMATION
fixed length control field s1971 j 000 0 eng u
020 ## - INTERNATIONAL STANDARD BOOK NUMBER
International Standard Book Number 0281024677
040 ## - CATALOGING SOURCE
Transcribing agency
100 1# - MAIN ENTRY--PERSONAL NAME
Personal name Denney, Anthony Howe.
245 10 - TITLE STATEMENT
Title Working with children.
260 ## - PUBLICATION, DISTRIBUTION, ETC. (IMPRINT)
Place of publication, distribution, etc London, UK:EN., :
Name of publisher, distributor, etc S. P. C. K.
Date of publication, distribution, etc c1971
300 ## - PHYSICAL DESCRIPTION
Extent [7], 120 p. ;
Dimensions 19 cm.
490 0# - SERIES STATEMENT
Series statement Library of pastoral care.
650 ## - SUBJECT ADDED ENTRY--TOPICAL TERM
Topical term or geographic name as entry element Church Work with Children
942 ## - ADDED ENTRY ELEMENTS (KOHA)
Source of classification or shelving scheme
Koha item type Books
Copies
Lost status Source of classification or shelving scheme Copy number Barcode Withdrawn status Koha item type Damaged status Date last seen Not for loan Full call number Permanent Location Shelving location Date acquired Price effective from
  16869 Books 2010-04-14 BV 639 .C4D45RHEMA Bible Training CollegeGeneral Stacks2010-04-142010-04-14